Statistiques concernant Candidats de La Villa des Coeurs Brisés (Saison 1 à 6)

Cliquez ici pour prendre le quiz!

Statistiques générales

  • Ce quiz a été pris 389 fois
    (340 depuis la dernière actualisation)
  • Le résultat moyen est 51 sur 123

Statistiques - réponses

SaisonCandidat% Correct
Saison 5 | Saison 6Julie
91%
Saison 2 | Saison 4 | Saison 5Vincent
86%
Saison 4 | Saison 5Sarah
84%
Saison 2 | Saison 4 | Saison 6Mélanie
80%
Saison 5Cassandra
74%
Saison 5 | Saison 6Anthony
72%
Saison 5Rym
72%
Saison 2Anthony
71%
Saison 2 | Saison 3Jazz
69%
Saison 4Vivian
68%
Saison 2Anaïs
66%
Saison 1 | Saison 2Martika
66%
Saison 2 | Saison 3 | Saison 4Julien
65%
Saison 5 | Saison 6Thomas
65%
Saison 3Vivian
65%
Saison 4 | Saison 6Dylan
64%
Saison 5Shanna
59%
Saison 2Eddy
58%
Saison 3Raphaël
58%
Saison 5Théo
58%
Saison 5Antoine
57%
Saison 3 | Saison 4Beverly
57%
Saison 4 | Saison 5 | Saison 6Inès
55%
Saison 5John
55%
Saison 5Leana
54%
Saison 2Fidji
50%
Saison 3Stéphanie
46%
Saison 4Virgil
45%
Saison 5Kévin
44%
Saison 3Laurent
44%
Saison 2Nathalie
44%
Saison 4 | Saison 6Julia
43%
Saison 4Jordan
41%
Saison 2Maddy
41%
Saison 5Nathanya
41%
Saison 6Tristan
41%
Saison 4Cloé
39%
Saison 6Eva
39%
Saison 6Jonathan
39%
Saison 1Romain
39%
Saison 5Adrien
38%
Saison 3Florent
38%
Saison 3Maeva
38%
Saison 3Nadège
38%
Saison 1Ricardo
38%
Saison 3Adrien
37%
Saison 3Aurélie
37%
Saison 3Fanny
36%
Saison 2Florian
36%
Saison 1Marie
36%
Saison 3Antonin
35%
Saison 5Astrid
35%
Saison 5 | Saison 6Clémence
35%
Saison 5Nicolo
34%
Saison 5Virginie
34%
Saison 4 | Saison 6Bastien
31%
Saison 6Jeremy
31%
Saison 1Jérémy
31%
Saison 5Manon
31%
Saison 5Ayoub
29%
Saison 2Steven
29%
Saison 3Emmanuelle
28%
Saison 4Illan
28%
Saison 4Jelena
28%
Saison 3Rémi
28%
Saison 1Elodie
27%
Saison 6Giuseppa
27%
Saison 6Alice
25%
Saison 3Gabano
25%
Saison 3Tressia
25%
Saison 2 | Saison 3Vanessa
23%
Saison 2Lakhdar
22%
Saison 5Lola
22%
Saison 5Simo
22%
Saison 4Matthieu
21%
Saison 2Naëlle
19%
Saison 4Coralie
18%
Saison 2Eve
18%
Saison 4Loana
18%
Saison 3Quentin
18%
Saison 1Stéfan
18%
Saison 3Yamina
18%
Saison 1Céline
16%
Saison 3Elsa
16%
Saison 6Sao
16%
Saison 1Thierry
16%
Saison 3Gaëlle
15%
Saison 1Siham
15%
Saison 5Tyla
14%
Saison 4Jennyfer
13%
Saison 1Ludivine
13%
Saison 3Bilal
12%
Saison 3Linda
12%
Saison 5Lalou
11%
Saison 5Dany
9%
Saison 1Iam
9%
Saison 3Shirley
9%
Saison 6Maxime
5%
Saison 6Elisa
2%
Saison 6Gauthier
2%

Distribution des résultats

Percentile par nombre de réponses

% des personnes avec chaque résultat

Votre développement - résultats

Vous n’avez pas pris ce quiz depuis la dernière actualisation